Mario Characters - Statistics

General Stats
  • This quiz has been taken 22 times
  • The average score is 40 of 150
Answer Stats
Answer % Correct
Bowser
100%
Bowser Jr.
100%
Dry Bowser
100%
Luigi
100%
Mario
100%
Metal Mario
100%
Peach
100%
Pink Gold Peach
100%
Blue Toad
94%
Captain Toad
94%
Donkey Kong
94%
Green Toad
94%
Koopa Troopa
94%
Mecha Koopa
94%
Toad
94%
Yellow Toad
94%
Daisy
88%
Waluigi
88%
Wario
88%
Diddy Kong
82%
King Boo
82%
Boo
76%
Goomba
76%
Yoshi
76%
Dry Bones
65%
Para-Dry Bones
65%
Donkey Kong Jr
59%
Iggy
59%
Ludwig
59%
Magikoopa
59%
Morton
59%
Wendy
59%
Funky Kong
53%
Rosalina
53%
Toadette
53%
Larry
47%
Lemmy
47%
Roy
47%
Broode's Chain Chomp
41%
Bullet Bill
41%
Petey Piranha
41%
Birdo
35%
Cranky Kong
35%
Dixie Kong
35%
Lakitu
35%
Thwomp
35%
Mecha Wiggler
29%
Shy Guy
29%
Spike
29%
Tropical Wiggler
29%
Wiggler
29%
Bob-Omb
24%
Boom Boom
24%
Gooper Blooper
24%
King Bob-Omb
24%
Luma
24%
Pauline
24%
Piranha Plant
24%
Pokey
24%
Pom Pom
18%
Banzai Bill
12%
Cheep Cheep
12%
Cheep Chomp
12%
Cow
12%
Fire-Bro
12%
Fish Bones
12%
Hammer-Bro
12%
Hariet
12%
Madame Broode
12%
Monty Mole
12%
Nabbit
12%
Pan-Bro
12%
Peachette
12%
Penguin
12%
Pianta
12%
Professor E. Gadd
12%
Sumo Bro
12%
Topper
12%
Whomp
12%
Cappy
6%
Chargin' Chuck
6%
Coin Coffer
6%
Fuzzy
6%
Galoomba
6%
Glydon
6%
Gooigi
6%
Honey Queen
6%
Knucklotec
6%
Lord Of Lightning
6%
Lubba
6%
Maw-Ray
6%
Ninji
6%
Paragoomba
6%
Podobo
6%
Pokio
6%
Rango
6%
RoboBrood
6%
Rocky Wrench
6%
Spewart
6%
Balloon
0%
Biyon
0%
Bully
0%
Burrbo
0%
Cackletta
0%
Cataquack
0%
Charvarrgh
0%
Chincho
0%
Conkdor
0%
Cookatiel
0%
Dolphin
0%
Elephant
0%
Fawful
0%
Frog
0%
Goombette
0%
Gushen
0%
HoppyCat
0%
Jizo
0%
Klepto
0%
Komboo
0%
Letters
0%
Meowser
0%
Mo-eye
0%
Mollusque-Lanceur
0%
Para-BiddyBud
0%
Peepa
0%
Pipe
0%
Pole
0%
PolterPup
0%
Poochy
0%
Puffy Lift
0%
RC Car
0%
Sherm
0%
Shiverian Racer
0%
Shova
0%
Sidestepper
0%
Snifit
0%
Snowman
0%
Spark Pylon
0%
Spike Ball
0%
Stingby
0%
Swoop
0%
Talking Flower
0%
Torkdrift
0%
Trapeetle
0%
T-Rex
0%
Ty-foo
0%
Uproot
0%
Urban Stingby
0%
Volbonen
0%
Wubba
0%
No matching quizzes found
Score Distribution
Percent of People with Each Score
Percentile by Number Answered
Your Score History
You have not taken this quiz